Oliver Twist

Saved in:
Bibliographic Details
Main Author: Dickens, Charles 1812-1870
Format: Book
Language:English
Published: Oxford : Oxford University Press, 1992
Series:Oxford bookworms
Subjects:
Tags: Add Tag
No Tags, Be the first to tag this record!

MARC

LEADER 00000nam a2200000 i 4500
001 1/26793
008 941103s1992 eng d
020 |a 0-19-422683-2 
035 |a 1993  |c ΒΙΒΛΙΟΘΗΚΗ  |l 10037668 
040 |a GR-MY-UA  |b gre  |e aacr 
041 0 |a eng 
082 0 |a 428.64 
100 1 |a Dickens, Charles  |d 1812-1870. 
245 1 0 |a Oliver Twist /  |c Charles Dickens ; retold by Richard Rogers 
260 |a Oxford :   |b Oxford University Press,   |c 1992 
300 |a 105 p.;  |c 20 cm. 
490 1 |a Oxford bookworms 
650 0 0 |a English language  |v Textbooks for foreign speakers. 
650 0 0 |a English language  |x Readers. 
830 0 |a Oxford bookworms 
852 |a INST  |b SAMOS  |e 19941103  |h 428.64 DIC  |p 005300002530  |q 005300002530  |t BK  |y 0 
909 |a Σ  |b 030791